Television service manual /

Bibliographic Details
Main Author: Middleton, Robert Gordon, 1908-
Format: Book
Language:English
Published: Indianapolis, Ind. : T. Audel, [1977]
Edition:4th ed.
Subjects:

MARC

Tag First Indicator Second Indicator Subfields
LEADER 00000cam a2200000 a 4500
001 in00000071425
005 20151008062221.0
008 770422s1977 inua 00010 engm
010 |a  76024074  
020 |a 0672232472 :  |c $7.95 
035 |a (OCoLC)03003689 
035 |9 AAJ9758AM 
040 |a DLC  |c DLC  |d m.c.  |d TXA  |d UtOrBLW 
049 |a TXAM  |c [932792] 
050 0 0 |a TK6642  |b .A56 1977 
082 0 |a 621.388/002/02 
090 |a TK6642  |b .A56 1981 
100 1 |a Middleton, Robert Gordon,  |d 1908- 
245 1 0 |a Television service manual /  |c by Robert G. Middleton. 
250 |a 4th ed. 
264 1 |a Indianapolis, Ind. :  |b T. Audel,  |c [1977] 
264 3 |c 1981 printing 
264 4 |c ©1977 
300 |a 501 pages :  |b illustrations ;  |c 22 cm. 
336 |a text  |b txt  |2 rdacontent 
337 |a unmediated  |b n  |2 rdamedia 
338 |a volume  |b nc  |2 rdacarrier 
500 |a Third edition by E.P. Anderson. 
650 0 |a Television  |v Handbooks, manuals, etc. 
999 |a MARS 
999 f f |s e98d2023-b61f-3738-bd5b-9e38f1183bbf  |i 4105cd69-9b74-3453-b077-86784178e24e  |t 0 
952 f f |p ric  |a Texas A&M University  |b Rellis Campus  |c Joint Library Facility  |d Remote Storage  |t 0  |e TK6642 .A56 1981  |h Library of Congress classification  |i unmediated -- volume  |m A14806251729 
998 f f |a TK6642 .A56 1981  |t 0  |l Remote Storage